LIBRARY ONLINE CATALOGUE

Nabongo Mumia / (Record no. 13064)

MARC details
000 -LEADER
fixed length control field 00636nam a22002052 4500
001 - CONTROL NUMBER
control field 0000007283
005 - DATE AND TIME OF LATEST TRANSACTION
control field 20151217155833.0
008 - FIXED-LENGTH DATA ELEMENTS--GENERAL INFORMATION
fixed length control field 071218s xx 000 0 eng d
020 ## - INTERNATIONAL STANDARD BOOK NUMBER
International Standard Book Number 9966468080 :
Terms of availability KES 240
040 ## - CATALOGING SOURCE
Original cataloging agency KABU
Transcribing agency KABU
100 1# - MAIN ENTRY--PERSONAL NAME
Personal name Kenyanchui, Simon S. S.
-- 0000158498
245 10 - TITLE STATEMENT
Title Nabongo Mumia /
Statement of responsibility, etc. Simon S. S. Kenyanchui.
260 ## - PUBLICATION, DISTRIBUTION, ETC. (IMPRINT)
Place of publication, distribution, etc. Nairobi :
Name of publisher, distributor, etc. Heinemann,
Date of publication, distribution, etc. 1992.
300 ## - PHYSICAL DESCRIPTION
Extent 49 p.
650 #0 - SUBJECT ADDED ENTRY--TOPICAL TERM
Topical term or geographic name as entry element Mumia, Nabongo.
-- 0000158499
650 #0 - SUBJECT ADDED ENTRY--TOPICAL TERM
Topical term or geographic name as entry element Luyia (African people)
Form subdivision Biography
General subdivision Kings and rulers.
-- 0000158500
908 ## - PUT COMMAND PARAMETER (RLIN)
Put command parameter 071218
950 ## - LOCAL HOLDINGS (RLIN)
-- 1
Holdings
Withdrawn status Lost status Source of classification or shelving scheme Not for loan Home library Current library Date acquired Total Checkouts Full call number Barcode Date last seen Price effective from Koha item type
    Library of Congress Classification   Kabarak, Main Campus Kabarak, Main Campus 17/12/2015   DT433.573 .M86K46 011530 17/12/2015 17/12/2015 Africana Collection